000
00348nam a2200145Ia 4500
999
_c
10544
_d
10544
003
OSt
005
20220404161435.0
008
220318s9999 xx 000 0 und d
020
_a
9789881780591
082
_a
723.64
100
_a
Rihan, X
245
0
_a
Architecture : 100 ideas
260
_b
Hong Kong Rihan International Culture
942
_2
ddc